• 首页
  • 本馆介绍
  • 公告通知
  • 最新文献
  • 馆藏检索
  • 电子资源
  • 读者导购
  • 参考咨询
  • 我的图书馆
  • 登录
  • 详细信息显示
  • 放入我的书架
  • 预约/预借图书
  • 作者相关作品
  • 分类相关作品
  • 丛书相关作品
  • 出版社相关作品

书目信息

  • 表格格式
  • 工作单格式
  • 卡片格式
题名:
音乐节奏结构的形态与功能
    
 
作者: 张巍 著
分册:  
出版信息: 上海   上海音乐学院出版社  2009.10
页数: 251页
开本: 23cm
丛书名:
单 册:
中图分类: J613.7
科图分类:
主题词: 节奏学
电子资源:
ISBN: 978-7-80692-472-3
000 01266nam0 2200265 450
001 012004411769
005 20120419160837.31
010    @a978-7-80692-472-3@dCNY34.00
100    @a20100228d2009 em y0chiy0110 ea
101 0  @achi
102    @aCN@b310000
105    @ag z 000yy
106    @ar
200 1  @a音乐节奏结构的形态与功能@9yin yue jie zou jie gou de xing tai yu gong neng@e节奏结构力与动力若干问题的研究@dThe pattern and function of musical rrhythm structure@estudies on the structure power and dynamic of rhythm@f张巍著@zeng
210    @a上海@c上海音乐学院出版社@d2009.10
215    @a251页@d23cm
300    @a由霍英东研究基金和上海音乐学院重点学科资助出版
330    @a本书分为节奏的释义及其研究、节奏作为音乐的结构力、节奏作为音乐的动力三篇,内容包括:“音乐时间”中的节奏、概念的评价、历史的介绍、节奏结构中的诸要素、重音问题、节奏结构中二元关系、节奏的紧张度等。
510 1  @aThe pattern and function of musical rrhythm structure@estudies on the structure power and dynamic of rhythm@zeng
517 1  @a节奏结构力与动力若干问题的研究@9jie zou jie gou li yu dong li ruo gan wen ti de yan jiu
606 0  @a节奏学
690    @aJ613.7@v4
701  0 @a张巍@9zhang wei@4著
801  0 @aCN@bNLC@c20100228
905    @b537950-56@dJ613.7@e596@f7
    
    音乐节奏结构的形态与功能:节奏结构力与动力若干问题的研究=The pattern and function of musical rrhythm structure:studies on the structure power and dynamic of rhythm/张巍著.-上海:上海音乐学院出版社,2009.10
    251页;23cm
    由霍英东研究基金和上海音乐学院重点学科资助出版
    
    ISBN 978-7-80692-472-3:CNY34.00
    本书分为节奏的释义及其研究、节奏作为音乐的结构力、节奏作为音乐的动力三篇,内容包括:“音乐时间”中的节奏、概念的评价、历史的介绍、节奏结构中的诸要素、重音问题、节奏结构中二元关系、节奏的紧张度等。
●
相关链接 在E读中查询图书 在五车中查询图书 在当当中查询图书 在豆瓣中查询图书


正题名:音乐节奏结构的形态与功能     索取号:J613.7/596         预约/预借

序号 登录号 条形码 馆藏地/架位号 状态 备注
1 537950   205379507   第一样本阅览室/ [索取号:J613.7/596] 在馆    
2 537951   205379516   第一借阅区/ [索取号:J613.7/596] 在馆    
3 537952   205379525   第一借阅区/ [索取号:J613.7/596] 在馆    
4 537953   205379534   第一借阅区/ [索取号:J613.7/596] 在馆    
5 537954   205379543   第一借阅区/ [索取号:J613.7/596] 在馆    
6 537955   205379552   第一借阅区/ [索取号:J613.7/596] 在馆    
7 537956   205379561   第一借阅区/ [索取号:J613.7/596] 在馆    
唐山师范学院图书馆 欢迎您!
大连网信软件有限公司© 版权所有